000 00902nam a22002177a 4500
003 OSt
005 20170628020005.0
008 170130b xxu||||| |||| 00| 0 eng d
040 _aAIU Library - Kenya
_cAIU Library - Kenya
_dAIU Library - Kenya
050 _aPJ 8991
_b.M33 2016
100 _941923
_aMadebo, Getachew Yohannes.
245 _aConverbs and concessive conjuctions in Baskeet :
_bwith special reference to the translation of the Baskeet New Testament
_cby Getachew Yohannes Madebo.
260 _aNairobi, Kenya :
_c2016.
300 _ax, 123 p.;
490 _aThesis (M.A. Translation Studies) Africa International University (Kenya)
500 _aThesis (M.A. Translation Studies) – AIU, Nairobi, 2016. [Africana]
504 _aIncludes bibliography.
650 _aEthiopian languages.
_941924
650 _aBaskeet (African language)
_xGrammar.
_941925
942 _2lcc
_cAFR(R)
_04
999 _c63007
_d62981